Long-term implications of low fertility in Kerala, India (Record no. 52387)

000 -LEADER
fixed length control field 00451pab a2200169 454500
008 - FIXED-LENGTH DATA ELEMENTS--GENERAL INFORMATION
fixed length control field 180718b1998 xxu||||| |||| 00| 0 eng d
100 ## - MAIN ENTRY--PERSONAL NAME
Personal name Rajan, S. Irudaya
245 ## - TITLE STATEMENT
Title Long-term implications of low fertility in Kerala, India
260 ## - PUBLICATION, DISTRIBUTION, ETC.
Date of publication, distribution, etc. 1998
300 ## - PHYSICAL DESCRIPTION
Extent p.41-66.
362 ## - DATES OF PUBLICATION AND/OR SEQUENTIAL DESIGNATION
Dates of publication and/or sequential designation Sep
650 ## - SUBJECT ADDED ENTRY--TOPICAL TERM
Topical term or geographic name entry element Fertility - India - Kerala
650 ## - SUBJECT ADDED ENTRY--TOPICAL TERM
Topical term or geographic name entry element Fertility
700 ## - ADDED ENTRY--PERSONAL NAME
Personal name Zachariah, K.C.
773 ## - HOST ITEM ENTRY
Main entry heading Asia Pacific Population Journal
909 ## -
-- 52387
Holdings
Withdrawn status Lost status Damaged status Not for loan Permanent Location Current Location Date acquired Serial Enumeration / chronology Barcode Date last seen Price effective from Koha item type
        Indian Institute of Public Administration Indian Institute of Public Administration 2018-07-19 Volume no: 13, Issue no: 3 AR52817 2018-07-19 2018-07-19 Articles

Powered by Koha